| 000 | 00379nam a22001217a 4500 | ||
|---|---|---|---|
| 008 | 250624b |||||||| |||| 00| 0 eng d | ||
| 020 | _a9789785450651 | ||
| 050 |
_aHN 831 _b.O38 |
||
| 245 | _aFundamentals of Social Studies Education and Human Enviromental Relations | ||
| 260 |
_aIlorin _bHaytee Press & Publishing company,Nigeria Limited _c2017 |
||
| 300 | _a358p | ||
| 942 | _cBK | ||
| 999 |
_c3955 _d3955 |
||